000 00757nam a2200265Ia 4500
001 Z_2203
003 CHAP
008 220113s1995 xx 000 0 und d
010 _a165259
040 _cCHAP
090 _aTesis C 961
100 _aCortez Escobar, Sixto
_928414
245 _aLos desperdicios, una alternativa en la nutrición animal /
_cpor Sixto Cortez Escobar y José Esteban Tuxtla Hernández
260 _aChapingo, Méx. :
_bEl autor,
_c1995
300 _a76 h.
502 _aTesis (Ing. Agr. Esp. en Zootecnia) -- UACH. Departamento de Zootecnia
650 _a
700 _aTuxtla Hernández, José Esteban
_9115711
901 _aTESIS C 961
902 _aM
910 _a1995
942 _c2
942 _c2
999 _c165259
_d165259